Welcome to CU Library Online Public Access Catalogue (OPAC)

Conformed to His image : (Record no. 6090)

MARC details
000 -LEADER
fixed length control field 00822cam a22002174a 4500
001 - CONTROL NUMBER
control field 12393512
005 - DATE AND TIME OF LATEST TRANSACTION
control field 20250531105917.0
008 - FIXED-LENGTH DATA ELEMENTS--GENERAL INFORMATION
fixed length control field 010427s2001 miua b 001 0 eng
020 ## - INTERNATIONAL STANDARD BOOK NUMBER
International Standard Book Number 031023848X (hardcover : alk. paper)
020 ## - INTERNATIONAL STANDARD BOOK NUMBER
Canceled/invalid ISBN 9780310861461
Qualifying information ebook
050 00 - LIBRARY OF CONGRESS CALL NUMBER
Classification number BV4501.2
Item number .B592 2001
082 00 - DEWEY DECIMAL CLASSIFICATION NUMBER
Classification number 248.4
Edition information 21
100 1# - MAIN ENTRY--PERSONAL NAME
Personal name Boa, Kenneth.
245 10 - TITLE STATEMENT
Title Conformed to His image :
Remainder of title biblical and practical approaches to spiritual formation /
Statement of responsibility, etc. Kenneth Boa.
260 ## - PUBLICATION, DISTRIBUTION, ETC.
Place of publication, distribution, etc. Grand Rapids, Mich. :
Name of publisher, distributor, etc. Zondervan,,
Date of publication, distribution, etc. c2001.
300 ## - PHYSICAL DESCRIPTION
Extent 543 p. :
Other physical details ill. ;
Dimensions 24 cm.
650 #0 - SUBJECT ADDED ENTRY--TOPICAL TERM
Topical term or geographic name entry element Spiritual life
General subdivision Christianity.
856 42 - ELECTRONIC LOCATION AND ACCESS
Materials specified Publisher description
Uniform Resource Identifier <a href="http://www.loc.gov/catdir/enhancements/fy0633/2001026319-d.html">http://www.loc.gov/catdir/enhancements/fy0633/2001026319-d.html</a>
856 41 - ELECTRONIC LOCATION AND ACCESS
Materials specified Sample text
Uniform Resource Identifier <a href="http://www.loc.gov/catdir/enhancements/fy0642/2001026319-s.html">http://www.loc.gov/catdir/enhancements/fy0642/2001026319-s.html</a>
942 ## - ADDED ENTRY ELEMENTS (KOHA)
Source of classification or shelving scheme Library of Congress Classification
Koha item type Books
Suppress in OPAC No
999 ## -
-- 6090
-- 6090
Holdings
Withdrawn status Lost status Source of classification or shelving scheme Damaged status Not for loan Collection Home library Current library Shelving location Date acquired Total checkouts Full call number Barcode Date last seen Copy number Price effective from Koha item type
    Library of Congress Classification     Non-fiction Undergraduate Library (Christ Temple) Undergraduate Library (Christ Temple) General stacks 05/31/2025   BV4501.2 BOA ulct00002784 05/31/2025 1 05/31/2025 Books
    Library of Congress Classification     Non-fiction Undergraduate Library (Christ Temple) Undergraduate Library (Christ Temple) General stacks 05/31/2025   BV4501.2 BOA ulct00002785 05/31/2025 2 05/31/2025 Books
© 2023-2024 Copyright: Central University Libraries. All Rights Reserved | Created by: Mahone Tech Office